[Event "2500+"]
[Site "SchemingMind.com"]
[Date "2024.03.28"]
[Round "-"]
[White "CapaChess"]
[Black "Juan Jose Rivas Maceda"]
[Result "1/2-1/2"]
[WhiteCountry "CUB"]
[BlackCountry "PER"]
[WhiteElo "2526"]
[WhiteRD "67"]
[BlackElo "2543"]
[BlackRD "62"]
[GameID "743394"]

1. e4 c5 2. Nf3 d6 3. d4 cxd4 4. Nxd4 Nf6 5. Nc3 a6 6. h3 e5 7. Nde2 h5 8. g3 Be7 9. Bg2 b5 10. Nd5 Nxd5
11. Qxd5 Ra7 12. Be3 Rb7 13. b3 Nd7 14. Qd2 O-O 15. g4 h4 16. Nc3 Nf6 17. O-O b4 18. Nd1 a5 19. c4 Bd7 20. f4 exf4
21. Bxf4 Bc6 22. Ne3 Rd7 23. Nd5 Bxd5 24. exd5 Nh7 25. Rae1 Bg5 26. Bxg5 Qxg5 27. Qd4 g6=
1/2-1/2

[Event "2500+"]
[Site "SchemingMind.com"]
[Date "2024.03.28"]
[Round "-"]
[White "The Chess Machine"]
[Black "CapaChess"]
[Result "1/2-1/2"]
[WhiteCountry "ENG"]
[BlackCountry "CUB"]
[WhiteElo "2522"]
[WhiteRD "72"]
[BlackElo "2526"]
[BlackRD "67"]
[GameID "743395"]

1. d4 Nf6 2. Nc3 d5 3. Bf4 e6 4. e3 Bb4 5. Bd3 c5 6. dxc5 Nbd7 7. Ne2 a6 8. a3 Bxc5 9. Bg3 O-O 10. h3 b6
11. e4 Bb7 12. exd5 exd5 13. O-O g6 14. b4 Be7 15. Bf4 Nh5 16. Be3 Rc8 17. Qd2 Re8 18. Rad1 Ne5 19. b5 a5 20. Na4 d4
21. Nxd4 Bxa3 22. Rfe1 Bf8 23. Be2 Nc4 24. Bxc4 Rxc4 25. Nb2 Rc7 26. Na4 Rc4 27. Nb2 Rc8 28. Na4 Re4 29. f3 Re5 30. Nb3 Qxd2
31. Bxd2=
1/2-1/2

[Event "2500+"]
[Site "SchemingMind.com"]
[Date "2024.03.28"]
[Round "-"]
[White "CapaChess"]
[Black "The Chess Machine"]
[Result "1/2-1/2"]
[WhiteCountry "CUB"]
[BlackCountry "ENG"]
[WhiteElo "2526"]
[WhiteRD "67"]
[BlackElo "2522"]
[BlackRD "72"]
[GameID "743396"]

1. e4 c5 2. Nf3 d6 3. d4 cxd4 4. Nxd4 Nf6 5. Nc3 a6 6. h3 e5 7. Nde2 h5 8. g3 Be7 9. Bg2 b5 10. Nd5 Nxd5
11. Qxd5 Ra7 12. Be3 Rb7 13. b3 Nd7 14. Qd2 O-O 15. g4 h4 16. Nc3 Nf6 17. O-O b4 18. Na4 Bd7 19. c3 Bxa4 20. bxa4 d5
21. exd5 bxc3 22. Qxc3 Nxd5 23. Qxe5 Rd7 24. Rad1 Nxe3 25. Rxd7 Qxd7 26. Qxe3 Rd8 27. Bf3=
1/2-1/2

[Event "2500+"]
[Site "SchemingMind.com"]
[Date "2024.03.28"]
[Round "-"]
[White "frankly"]
[Black "CapaChess"]
[Result "1/2-1/2"]
[WhiteCountry "ENG"]
[BlackCountry "CUB"]
[WhiteElo "2552"]
[WhiteRD "70"]
[BlackElo "2529"]
[BlackRD "69"]
[GameID "743397"]

1. d4 Nf6 2. c4 e6 3. Nf3 d5 4. Nc3 c6 5. e3 Nbd7 6. Qc2 Bd6 7. Bd3 O-O 8. O-O dxc4 9. Bxc4 a6 10. e4 e5
11. Rd1 Qc7 12. h3 b5 13. Bb3 Bb7 14. dxe5 Nxe5 15. Nd4 Rfd8 16. Bg5 c5 17. Bxf6 gxf6 18. Nf5 c4 19. Qc1 Bf8 20. Bc2 Rxd1+
21. Qxd1 Rd8 22. Qe2 Ng6 23. Rd1 Rxd1+ 24. Qxd1 Bc5 25. b3 Bc8 26. bxc4 bxc4 27. Nd5 Qe5 28. Kf1 Bxf5 29. exf5 Ne7 30. Nxe7+ Bxe7
31. Qg4+ Kh8 32. Qxc4 Bc5=
1/2-1/2

[Event "2500+"]
[Site "SchemingMind.com"]
[Date "2024.03.28"]
[Round "-"]
[White "CapaChess"]
[Black "frankly"]
[Result "1/2-1/2"]
[WhiteCountry "CUB"]
[BlackCountry "ENG"]
[WhiteElo "2529"]
[WhiteRD "69"]
[BlackElo "2552"]
[BlackRD "70"]
[GameID "743398"]

1. e4 c5 2. Nf3 Nc6 3. Bb5 e6 4. O-O Nge7 5. Re1 b6 6. c3 a6 7. Bf1 d5 8. exd5 Nxd5 9. d4 cxd4 10. Nxd4 Bb7
11. Nxc6 Bxc6 12. Nd2 Be7 13. Qg4 O-O 14. Nf3 Nf6 15. Qh3 Qc7 16. Ne5 Be4 17. Bf4 Qb7 18. Be3 Rad8 19. a4 h6 20. Qh4 Bd5
21. Bxh6 gxh6 22. Qxh6 Nh7 23. Re3 Bg5 24. Rg3 f6 25. h4 fxe5 26. hxg5 Qg7 27. c4 Be4 28. Qxe6+ Qf7 29. Qxf7+ Kxf7 30. a5 bxa5
31. Rxa5 Rfe8 32. Be2 Ra8 33. b4=
1/2-1/2

[Event "2500+"]
[Site "SchemingMind.com"]
[Date "2024.03.28"]
[Round "-"]
[White "Matthew Bailey"]
[Black "CapaChess"]
[Result "1/2-1/2"]
[WhiteCountry "ENG"]
[BlackCountry "CUB"]
[WhiteElo "2549"]
[WhiteRD "68"]
[BlackElo "2526"]
[BlackRD "67"]
[GameID "743401"]

1. e4 c6 2. d4 d5 3. exd5 cxd5 4. Bd3 Nc6 5. c3 Qc7 6. h3 e5 7. dxe5 Nxe5 8. Bb5+ Nc6 9. Nf3 a6 10. Ba4 Bd6
11. O-O Ne7 12. Re1 O-O 13. Bc2 Re8 14. Nbd2 Bf5 15. Nf1 Bxc2 16. Qxc2 Ne5 17. Nd4 Rad8 18. Be3 N7c6 19. Rad1 h6 20. Nf5 Bf8
21. Nh2 Nc4 22. Nf3 Qa5 23. a3 b5 24. Bc1 Rxe1+ 25. Rxe1 Qc7 26. a4 Qd7 27. b3 Nd6 28. Nxd6 Qxd6 29. axb5 axb5 30. Rd1 b4
31. cxb4 Nxb4 32. Qb1 Qe6 33. Be3 Rb8 34. Nd4 Qe4 35. Qxe4 dxe4=
1/2-1/2

[Event "2500+"]
[Site "SchemingMind.com"]
[Date "2024.03.28"]
[Round "-"]
[White "CapaChess"]
[Black "Matthew Bailey"]
[Result "1/2-1/2"]
[WhiteCountry "CUB"]
[BlackCountry "ENG"]
[WhiteElo "2526"]
[WhiteRD "67"]
[BlackElo "2549"]
[BlackRD "68"]
[GameID "743402"]

1. e4 e5 2. Nf3 Nf6 3. d4 Nxe4 4. Nxe5 d5 5. Nd2 Bd6 6. Bd3 Bxe5 7. dxe5 Nc5 8. Be2 Nc6 9. O-O O-O 10. f4 f6
11. Nf3 fxe5 12. fxe5 Ne4 13. c3 Bg4 14. Be3 Qd7 15. c4 d4 16. Bxd4 Nxd4 17. Qxd4 Qxd4+ 18. Nxd4 Bxe2 19. Rxf8+ Rxf8 20. Nxe2=
1/2-1/2

[Event "2500+"]
[Site "SchemingMind.com"]
[Date "2024.03.28"]
[Round "-"]
[White "CapaChess"]
[Black "palberto1963"]
[Result "1/2-1/2"]
[WhiteCountry "CUB"]
[BlackCountry "ESP"]
[WhiteElo "2529"]
[WhiteRD "69"]
[BlackElo "2537"]
[BlackRD "75"]
[GameID "743403"]

1. e4 c5 2. Nf3 d6 3. d4 cxd4 4. Nxd4 Nf6 5. Nc3 a6 6. h3 e5 7. Nde2 h5 8. g3 Be6 9. Bg2 b5 10. O-O Nbd7
11. a4 b4 12. Nd5 Nxd5 13. exd5 Bf5 14. c3 Rb8 15. f4 g6 16. Re1 bxc3 17. bxc3 Be7 18. fxe5 Nxe5 19. Nd4 Qd7 20. Kh2 O-O
21. Nc6 Rbc8 22. Be3 Rfe8 23. Ra2 Bf8 24. Bd4 Qc7 25. Rf2 h4 26. gxh4 Nxc6 27. Rxe8 Rxe8 28. dxc6 d5+ 29. Kg1 Qxc6 30. h5 Bh6
31. hxg6 Qxg6 32. Kh1=
1/2-1/2

[Event "2500+"]
[Site "SchemingMind.com"]
[Date "2024.03.28"]
[Round "-"]
[White "palberto1963"]
[Black "CapaChess"]
[Result "1/2-1/2"]
[WhiteCountry "ESP"]
[BlackCountry "CUB"]
[WhiteElo "2537"]
[WhiteRD "75"]
[BlackElo "2529"]
[BlackRD "69"]
[GameID "743404"]

1. d4 Nf6 2. c4 e6 3. Nf3 d5 4. Nc3 c6 5. Bg5 h6 6. Bh4 dxc4 7. e4 g5 8. Bg3 b5 9. h4 g4 10. Ne5 Nbd7
11. Be2 Bb7 12. Nxd7 Qxd7 13. Be5 Qe7 14. b3 Rg8 15. Qc2 Bg7 16. Rd1 c5 17. Nxb5 Rd8 18. Qxc4 Nxe4 19. O-O Bd5 20. Qa4 Kf8
21. g3 a6 22. Qxa6 Ra8 23. Qb6 Bxe5 24. dxe5 Kg7 25. Bd3 Rgb8 26. Qc7 Qxc7 27. Nxc7 Rxa2 28. Nxd5 exd5 29. Bxe4 dxe4=
1/2-1/2